| 000 | 00948nam a22002415a 4500 | ||
|---|---|---|---|
| 003 | OSt | ||
| 005 | 20170507120123.0 | ||
| 008 | 160922n2017 ua frb f000 0 ara d | ||
| 015 | _a2016 / 27628 | ||
| 020 | _a9789770482742 | ||
| 040 |
_aEG-ScBUE _bara _cEG-ScBUE _dEG-ScBUE |
||
| 082 | 0 | 4 |
_a346.015195 _bع ب د _222 |
| 100 | 1 | _aعبد الباقي، أحمد محمد. | |
| 245 | 1 | 2 |
_aالإحصاء الجنائي واستخدام الحزم الإحصائية SPSS / _cإعداد أحمد محمد عبد الباقي. |
| 246 | 3 | 3 | _aCriminal statistics |
| 260 |
_aالقاهرة : _bدار النهضة العربية للنشر والتوزيع، _a[أبو ظبي] : _bدار النهضة العلمية، _c2017. |
||
| 300 |
_a432 ص. ؛ _c24 سم. |
||
| 504 | _aيشتمل على إرجاعات ببليوجرافية. | ||
| 650 | 7 |
_aالإحصاء الجنائي. _2BUEsh |
|
| 651 | _2BUEsh | ||
| 653 |
_bLLAAWW _cMay2017 |
||
| 942 | _2ddc | ||
| 999 |
_c24782 _d24754 |
||